00175nam a2200073Ia 4500008004100000020000600041100002800047245002600075211105s9999 xx 000 0 und d a" aDe Villiers, Reinette  0aMoeder van die bruid